| 000 | 00572nam a22001937a 4500 | ||
|---|---|---|---|
| 003 | MPLRDC | ||
| 005 | 20220104125602.0 | ||
| 008 | 210129b ||||| |||| 00| 0 eng d | ||
| 020 | _a978-7-5391-5879-2 | ||
| 082 | _a859.9 WDDY v.17 c.2 | ||
| 100 | _a小熊工作室 文、姜境孝 图 | ||
| 245 |
_a南非寻宝记 _c苟振红 译 |
||
| 250 | _a一版一刷 | ||
| 260 |
_a中国 _b二十一世纪出版社 _c2010 |
||
| 300 | _b205 | ||
| 490 | _a我的第一本历史探险漫画书: 寻宝记系列: 17 | ||
| 650 | _a儿童文学 | ||
| 942 |
_cBK _o859.9 WDDY v.17 c.2 |
||
| 999 |
_c28532 _d28522 |
||